Music Quiz

Random Music Quiz

One Direction Facts Quiz Stats

 Plays Quiz not verified by Sporcle

Challenge
Share
Tweet
Embed
Score 0/20 Timer 06:00
0 Plays Today
% Correct
Edward
73.3%
William
60%
Jawaad
60%
James
60%
James
60%
Nandos
26.7%
4
20%
3rd
13.3%
2
13.3%
Cats
6.7%
% Correct
Turtles
6.7%
Big Time Rush
6.7%
Forever Young
6.7%
iCarly
6.7%
2010
0%
Dogs
0%
Robbie Williams
0%
She's The One
0%
Going to Laser Quest
0%
Gotta Be You
0%

You're not logged in!

Compare scores with friends on all Sporcle quizzes.
Join for Free
OR
Log In

You Might Also Like...

Show Comments

Extras

Created Feb 25, 2012ReportNominate
Tags:direction, One Direction

Top Quizzes Today


Score Distribution

Your Account Isn't Verified!

In order to create a playlist on Sporcle, you need to verify the email address you used during registration. Go to your Sporcle Settings to finish the process.

Report this User

Report this user for behavior that violates our Community Guidelines.

Details: